000
00332pab a2200145 454500
008
180718b1987 xxu||||| |||| 00| 0 eng d
100
_a
Dholakia, Jitendra
245
_a
Computers and growth without jobs
260
_c
1987
300
_a
16-17,21
362
_a
28 Feb.
650
_a
Computers
773
_a
Commerce
909
_a
6310
999
_c
6310
_d
6310